00542nam a22001937a 450000500170000001000130001702000220003003500130005203700160006504000120008108200160009310000180010924500530012726000420018027000520022230000210027465000190029565000340031420170124110001.0 aA-897947 c00.00a8120719484 aA-897947 bCen Lib/Ret aDPLbEN a362.28bSHO aShourie, H. D aLife's finale voluntary exit /cby H. D. Shourie aNew DelhibSterling Publishers c1997 a L-10, Green Park Extension bNew Delhie110016 axi,95p.c21cmHb) aSocial problem aMeasures for self-deliverance